The meter franking cancellations of Bangladesh / (Record no. 19282)

MARC details
000 -LEADER
fixed length control field 01016cam a2200325 a 4500
001 - CONTROL NUMBER
control field 4958987
003 - CONTROL NUMBER IDENTIFIER
control field BDDh-ASL
005 - DATE AND TIME OF LATEST TRANSACTION
control field 20231015025752.0
008 - FIXED-LENGTH DATA ELEMENTS--GENERAL INFORMATION
fixed length control field 960614s1996 bg a b 000 0 eng
010 ## - LIBRARY OF CONGRESS CONTROL NUMBER
LC control number 96902732
020 ## - INTERNATIONAL STANDARD BOOK NUMBER
International Standard Book Number 9845700004
025 ## - OVERSEAS ACQUISITION NUMBER
Overseas acquisition number B-E-96902732
040 ## - CATALOGING SOURCE
Original cataloging agency DLC
Transcribing agency DLC
Modifying agency BDDh-ASL
042 ## - AUTHENTICATION CODE
Authentication code lcode
043 ## - GEOGRAPHIC AREA CODE
Geographic area code a-bg---
050 00 - LIBRARY OF CONGRESS CALL NUMBER
Classification number HE6148
Item number .K46 1996
082 ## - DEWEY DECIMAL CLASSIFICATION NUMBER
Classification number 954.9276
Item number KAM
100 1# - MAIN ENTRY--PERSONAL NAME
Personal name Khan, Ishtiaque Ahmed.
245 14 - TITLE STATEMENT
Title The meter franking cancellations of Bangladesh /
Statement of responsibility, etc. Ishtiaque Ahmed Khan.
260 ## - PUBLICATION, DISTRIBUTION, ETC.
Place of publication, distribution, etc. Dhaka :
Name of publisher, distributor, etc. Bangladesh Institute of Philatelic Studies,
Date of publication, distribution, etc. 1996.
300 ## - PHYSICAL DESCRIPTION
Extent 78 p. :
Other physical details ill. ;
Dimensions 22 cm.
500 ## - GENERAL NOTE
General note Page 78 is blank.
504 ## - BIBLIOGRAPHY, ETC. NOTE
Bibliography, etc. note Includes bibliographical references (p. 62-63).
650 #0 - SUBJECT ADDED ENTRY--TOPICAL TERM
Topical term or geographic name entry element Franking privilege
Geographic subdivision Bangladesh.
650 #0 - SUBJECT ADDED ENTRY--TOPICAL TERM
Topical term or geographic name entry element Canceling machines
Geographic subdivision Bangladesh.
710 2# - ADDED ENTRY--CORPORATE NAME
Corporate name or jurisdiction name as entry element Bangladesh Institute of Philatelic Studies.
906 ## - LOCAL DATA ELEMENT F, LDF (RLIN)
a 7
b cbc
c origode
d 3
e ncip
f 19
g y-gencatlg
942 ## - ADDED ENTRY ELEMENTS (KOHA)
Source of classification or shelving scheme Dewey Decimal Classification
Koha item type Books
Holdings
Withdrawn status Lost status Source of classification or shelving scheme Damaged status Not for loan Collection code Home library Current library Shelving location Date acquired Source of acquisition Total Checkouts Full call number Barcode Date last seen Copy number Price effective from Koha item type
    Dewey Decimal Classification     Non-fiction Asiatic Society Library Asiatic Society Library Sirajul Islam Collection 11/22/2020 Donated by Professor Sirajul Islam, FRHS   954.9276 KAM 102589 11/22/2020 C-1 11/22/2020 Books
    Dewey Decimal Classification     Non-fiction Asiatic Society Library Asiatic Society Library General Stacks 02/14/2021 ASB Library Collections   954.9276 KAM 105716 02/14/2021 C-2 02/14/2021 Books
    Dewey Decimal Classification     Non-fiction Asiatic Society Library Asiatic Society Library General Stacks 06/19/2021 Complimentary   954.9276 KAM 109717 06/19/2021 C-3 06/19/2021 Books

Powered by Koha